00984nam a2200205 a 450000100100000000500170001000800410002702000180006804000250008624501240011126000530023530000360028850400270032450000490035170000250040095201200042595201050054595201110065099900170076100004575020201002052425.0150511s2015 dr 000 0 spa d a9789945892543 aDO-SdBNPbspacBNPHU00aA la cuenta de tres :bmicrocuentos del taller de creación literaria experimental Coiné /cAlexis Peña...[et al]. aSanto Domingo :bEditorial Letra Erguida,c2015. a95 p. ;c23 cm.bLetra Erguida. aBibliografía : p. 19 aIncluye datos biográficos de Alexis Peña12aPeña, Alexis95700 001054708DSaGRbGRcHDd2015-05-11iLF1l0o p45750-30r2020-06-25te. 3w2020-06-25yLFDSZPréstamo en sala 0010718PDaPDbPDcHDd2015-05-11iLF1l0o p45750-10r2020-06-25w2020-06-25yLFPDZNo se presta 0010718PDaPDbPDcHDd2015-05-11iLF1l0o p45750-20r2020-06-25te. 2w2020-06-25yLFPDZNo se presta c45239d45239